000 00981nam a22002897a 4500
005 20090528141358.0
008 090528t xxu||||| |||| 00| 0 eng d
010 _aENG-93782
020 _a9788189973605
_c290.00
020 _a8189973606
_c290.00
035 _aEN-77315
037 _bDBAD / PUB
040 _adpl
_bEnglish
082 _a121
100 _aAdams, C.W.
245 _aIn search of Truth:
_bfaith and modern science /
_cby C.W. Adams
260 _aNew Delhi
_bReadworthy
_c2008
270 _a4662/21, Ansari Road, Daryaganj
_bNew Delhi
_e110002
300 _axiii, 297p.
_c22cm(pbk)
500 _aIncludes bibliographical references and index
650 _aTruth
650 _aFaith
650 _aPhilosophy and science
650 _aReligion and science
942 _2ddc
_cEN
_h121
_mADA
999 _c26895
_d26895